000 00357nam a2200133Ia 4500
008 151001s9999||||xx |||||||||||||| ||und||
100 _aग य दीक्षित
245 _aध्यान- मंथन
250 _a1
260 _bअंजली प्रकाशन पुणे
260 _c1994
300 _a77
365 _b18
999 _c971792
_d971789